Drip Irrigation method (Record no. 17300)
[ view plain ]
| 000 -LEADER | |
|---|---|
| fixed length control field | 00962nam a22002417i 4500 |
| 003 - CONTROL NUMBER IDENTIFIER | |
| control field | URS |
| 050 14 - LIBRARY OF CONGRESS CALL NUMBER | |
| Classification number | S 619.T74 |
| Item number | V2341 2005 |
| 005 - DATE AND TIME OF LATEST TRANSACTION | |
| control field | 20220117151252.0 |
| 008 - FIXED-LENGTH DATA ELEMENTS--GENERAL INFORMATION | |
| fixed length control field | 190924b ||||| |||| 00| 0 eng d |
| 100 ## - MAIN ENTRY--PERSONAL NAME | |
| Personal name | Vale, Armando Dogello, |
| Relator term | author |
| 260 ## - PUBLICATION, DISTRIBUTION, ETC. | |
| Date of publication, distribution, etc. | 2006 |
| 245 ## - TITLE STATEMENT | |
| Title | Drip Irrigation method |
| Remainder of title | its effect on the yield performance of cassava carrot and radish |
| Statement of responsibility, etc. | Armando Dogello Vale |
| 300 ## - PHYSICAL DESCRIPTION | |
| Extent | xix,75 leaves |
| Dimensions | 28 cm |
| 336 ## - CONTENT TYPE | |
| Source | rdacontent |
| Content type term | text |
| 337 ## - MEDIA TYPE | |
| Source | rdamedia |
| Media type term | unmediated |
| 338 ## - CARRIER TYPE | |
| Source | rdacarrier |
| Carrier type term | volume |
| 502 ## - DISSERTATION NOTE | |
| Dissertation note | Thesis |
| Degree type | Master of Science in Agriculture |
| Name of granting institution | University of Rizal System Tanay |
| Year degree granted | 2006 |
| 504 ## - BIBLIOGRAPHY, ETC. NOTE | |
| Bibliography, etc. note | Includes bibliography |
| 520 ## - SUMMARY, ETC. | |
| Summary, etc. | This study was to determine the effect of drip irrigation method on the yield performance of cassava, carrot and radish; it was conducted during summer of 2005. |
| 650 #0 - SUBJECT ADDED ENTRY--TOPICAL TERM | |
| Topical term or geographic name entry element | Microirrigation |
| Geographic subdivision | Philippines |
| 700 ## - ADDED ENTRY--PERSONAL NAME | |
| Personal name | Juan O. Abarro |
| Relator term | degree supervisor |
| 942 ## - ADDED ENTRY ELEMENTS (KOHA) | |
| Source of classification or shelving scheme | Library of Congress Classification |
| Koha item type | Theses and dissertations |
| Withdrawn status | Source of classification or shelving scheme | Damaged status | Not for loan | Home library | Current library | Shelving location | Date acquired | Total Checkouts | Full call number | Barcode | Date last seen | Price effective from | Koha item type |
|---|---|---|---|---|---|---|---|---|---|---|---|---|---|
| Library of Congress Classification | Tanay College Library | Tanay College Library | Graduate School Theses & Dissertations | 10/04/2019 | S 619.T74 V2341 2005 | URSTAN-GST27 | 10/04/2019 | 10/04/2019 | Theses and dissertations | ||||
| Library of Congress Classification | Tanay College Library | Tanay College Library | Graduate School Theses & Dissertations | 10/04/2019 | S 619.T74 V2341 2005 | URSTAN-GST24 | 02/11/2020 | 10/04/2019 | Theses and dissertations |